000 00401nam a2200157Ia 4500
008 210716s2010 xx 000 0 und d
020 _a9780306467912
041 _aeng
082 _a005.82 YEUR
100 _aYeung, Raymond W.
245 _aFirst course in information theory.
250 _a1
260 _aNew Delhi
_bSpringer
_c2010
300 _axxi,412
650 _aInformation Theory(003.54)
999 _c193326
_d193326